Inflation report - january 2006 Czech National Bank

Uložené v:
Podrobná bibliografia
Médium: Kniha
Jazyk:English
Vydavateľské údaje: Praha Czech National Bank 2006
Predmet:
Tagy: Pridať tag
Žiadne tagy, Buďte prvý, kto otaguje tento záznam!

MARC

LEADER 00000nam$a2200000$$$4500
001 0040802
005 20240315114457.1
041 0 |a eng 
044 |a CZ 
245 1 0 |a Inflation report - january 2006  |b Czech National Bank 
264 1 |a Praha  |b Czech National Bank  |c 2006 
300 |a 84 s. 
610 2 0 |a banky 
610 2 0 |a bankovníctvo 
610 2 0 |a inflácia 
610 2 0 |a bilancie 
610 2 0 |a vývoj menový 
610 2 0 |a trh práce 
610 2 0 |a ceny dovozné 
610 2 0 |a výrobcovia 
610 2 0 |a makroekonomika 
610 2 0 |a prognózy 
610 2 0 |a rady správne 
610 2 0 |a Česko